000 00281nam a22001217a 4500
082 _a153.4
_bDIV/G
100 _aDIVAKARAN,M.M
245 _aGREAT THOUGHTS OF GREAT THINKERS
260 _aTHRISSUR
_bH& C PUBLISHING HOUSE
300 _a96
650 _aTHOUGHTS
_zKERALA
942 _cBK
999 _c3741
_d3741